002460000a220007300045001000022000002450060000223000044000827730046001261 aSutherland, Denis10aThe interface between theology and historical geography aVol. 11, Num. 1 (1993), Páginas 17-300 tScottish Bulletin of Evangelical Theology